[Event "CXU Obro Nytaar 2013"]
[Site "Copenhagen"]
[Date "2013.12.30"]
[Round "6"]
[White "Hector, Jonny"]
[Black "Jorgensen, Brian Jorgen"]
[Result "1/2-1/2"]
[WhiteElo "2509"]
[BlackElo "2240"]
[PlyCount "118"]
[EventDate "2013.??.??"]
[EventType "swiss"]
[EventRounds "7"]

1. e4 e6 2. d4 d5 3. Nc3 Nf6 4. Bg5 Bb4 5. exd5 Qxd5 6. Nf3 Ne4 7. Bd2 Bxc3 8.
bxc3 Nxd2 9. Qxd2 b6 10. Bd3 Bb7 11. O-O Nd7 12. Rfe1 Qd6 13. Re3 h6 14. a4 a5
15. Rae1 O-O-O 16. c4 Qb4 17. c3 Qxa4 18. Qb2 c5 19. d5 exd5 20. Bf5 Kc7 21.
Re7 g6 22. Rb1 Kb8 23. Rxd7 Rxd7 24. Bc2 Qc6 25. Ne5 Qc7 26. Nxd7+ Qxd7 27.
Qxb6 Qc7 28. Qf6 Re8 29. cxd5 Qe5 30. Qxe5+ Rxe5 31. c4 Re2 32. Ba4 Kc7 33. h4
Bc8 34. f3 Bf5 35. Ra1 Rb2 36. Ra3 Rb4 37. Bb5 Bd7 38. d6+ Kd8 39. Rxa5 Bxb5
40. cxb5 Kd7 41. Ra7+ Kxd6 42. Rxf7 Rxb5 43. Rf6+ Kd5 44. Rxg6 c4 45. Kf2 c3
46. Ke3 Kc4 47. Rc6+ Kb3 48. g4 c2 49. f4 Kb2 50. g5 hxg5 51. hxg5 c1=Q+ 52.
Rxc1 Kxc1 53. g6 Rb3+ 54. Ke4 Rg3 55. f5 Kd2 56. Ke5 Ke3 57. f6 Rg5+ 58. Ke6
Rxg6 59. Ke7 Rxf6 1/2-1/2

[Event "CXU Obro Nytaar 2013"]
[Site "Copenhagen"]
[Date "2013.12.30"]
[Round "6"]
[White "Hansen, Mads Smith"]
[Black "Schou Moldt, Thomas"]
[Result "1-0"]
[WhiteElo "2361"]
[BlackElo "2159"]
[PlyCount "125"]
[EventDate "2013.??.??"]
[EventType "swiss"]
[EventRounds "7"]

1. d4 g6 2. e4 d6 3. c3 Nf6 4. Bd3 e5 5. Nf3 Nc6 6. O-O Bg7 7. dxe5 Nxe5 8.
Nxe5 dxe5 9. Bg5 c6 10. Na3 Be6 11. Qf3 h6 12. Bh4 g5 13. Bg3 Nd7 14. Qe2 b5
15. Rfd1 Qb6 16. Nc2 h5 17. h3 Bh6 18. Ne3 g4 19. Nf5 Bxf5 20. exf5 f6 21. hxg4
O-O-O 22. gxh5 Rdg8 23. Qf3 Bf8 24. b4 Rg5 25. Be4 Rgxh5 26. Kf1 Rh1+ 27. Ke2
Rxd1 28. Rxd1 Kc7 29. Qd3 Rh7 30. f3 Qa6 31. Rd2 c5 32. Bf2 Bh6 33. Rd1 Qxa2+
34. Kf1 Qc4 35. Qxc4 bxc4 36. Ra1 cxb4 37. Rxa7+ Kd6 38. cxb4 Rh8 39. Ra6+ Ke7
40. Re6+ Kd8 41. Rc6 Bf8 42. Rxc4 Rh1+ 43. Ke2 Ra1 44. b5 Ra2+ 45. Rc2 Rxc2+
46. Bxc2 Kc7 47. Be4 Nc5 48. Bd5 Kb6 49. Bc4 Ka5 50. Be1+ Kb6 51. Bh4 Be7 52.
Ke3 Na4 53. f4 Nb2 54. Be2 exf4+ 55. Kxf4 Na4 56. Kg4 Nc3 57. Bd3 Nd5 58. Bf2+
Kc7 59. Be4 Nc3 60. b6+ Kb8 61. Bc6 Bd6 62. Bd4 Nd1 63. Bf3 1-0

[Event "CXU Obro Nytaar 2013"]
[Site "Copenhagen"]
[Date "2013.12.30"]
[Round "6"]
[White "Brorsen, Jacob Abildlund"]
[Black "Vesterli, Michael E"]
[Result "1-0"]
[WhiteElo "2129"]
[BlackElo "2045"]
[PlyCount "32"]
[EventDate "2013.??.??"]
[EventType "swiss"]
[EventRounds "7"]

1. e4 c5 2. b3 Nc6 3. Bb2 d6 4. Bb5 Qb6 5. Nc3 Nf6 6. Qe2 e6 7. Nd5 exd5 8.
exd5+ Kd8 9. dxc6 bxc6 10. Bd3 Be7 11. Nf3 Nd5 12. O-O Be6 13. Be4 Kd7 14. d4
Rhe8 15. c4 Nc7 16. Rad1 Bg4 1-0

[Event "CXU Obro Nytaar 2013"]
[Site "Copenhagen"]
[Date "2013.12.30"]
[Round "6"]
[White "Andreasen, Per Naesby"]
[Black "Korley, Kassa"]
[Result "1/2-1/2"]
[WhiteElo "2192"]
[BlackElo "2343"]
[PlyCount "86"]
[EventDate "2013.??.??"]
[EventType "swiss"]
[EventRounds "7"]

1. Nf3 d5 2. g3 Nf6 3. Bg2 g6 4. d4 Bg7 5. c4 O-O 6. cxd5 Nxd5 7. O-O Nb6 8.
Nc3 Nc6 9. e3 Re8 10. b3 e5 11. dxe5 Nxe5 12. Nxe5 Bxe5 13. Bb2 c6 14. Qe2 Qe7
15. Rad1 Be6 16. f4 Bxc3 17. Bxc3 Bg4 18. Qxg4 Qxe3+ 19. Kh1 Qxc3 20. f5 Rad8
21. Rxd8 Rxd8 22. Qf4 Qd4 23. fxg6 Qxf4 24. gxh7+ Kxh7 25. Rxf4 Kg7 26. h4 Rd1+
27. Kh2 Rd2 28. a4 Nd5 29. Rf3 a5 30. Kh3 Nf6 31. Rf5 Rd3 32. Rg5+ Kf8 33. Rf5
Nd5 34. Bxd5 cxd5 35. h5 Kg7 36. h6+ Kxh6 37. Rxf7 b5 38. Ra7 Rxb3 39. Rxa5
bxa4 40. Rxd5 a3 41. Ra5 Kg6 42. Kh4 Kf6 43. g4 Kg6 1/2-1/2

[Event "CXU Obro Nytaar 2013"]
[Site "Copenhagen"]
[Date "2013.12.30"]
[Round "6"]
[White "Eriksson, Christian Altenburg"]
[Black "Andreasen, Henrik"]
[Result "1-0"]
[WhiteElo "2128"]
[BlackElo "2240"]
[PlyCount "123"]
[EventDate "2013.??.??"]
[EventType "swiss"]
[EventRounds "7"]

1. e4 e6 2. d4 d5 3. e5 c5 4. c3 Nc6 5. Nf3 Bd7 6. Be2 Nge7 7. O-O Nf5 8. Bd3
cxd4 9. Bxf5 exf5 10. Nxd4 Qb6 11. Nf3 Be6 12. Nbd2 Be7 13. Nb3 h6 14. Nbd4 g5
15. Nxe6 fxe6 16. Qa4 Kf7 17. Be3 Qa5 18. Qb3 Qc7 19. Bd4 g4 20. Ne1 b6 21. Nd3
Na5 22. Qd1 h5 23. Qe2 Nc4 24. Rad1 Rac8 25. Kh1 Na5 26. Qc2 Qc4 27. Qb1 Nb7
28. f3 Rhg8 29. Nf4 Rg5 30. Nxh5 gxf3 31. Ng3 fxg2+ 32. Kxg2 Rcg8 33. Kh1 Qc8
34. Qd3 Nc5 35. Qe2 Ke8 36. Be3 Rg4 37. Rd4 Qc6 38. Rff4 Ne4 39. Rxg4 Rxg4 40.
Nxe4 dxe4 41. h3 Rh4 42. Qg2 Kf7 43. Rd1 Qe8 44. Bf2 Rh6 45. Bg3 Rg6 46. Qe2
Qh8 47. Kh2 Rh6 48. Qf1 Qg8 49. Bf4 Rh7 50. Rd7 a5 51. Rb7 Qd8 52. Qe2 Rh8 53.
Bg5 Qd3 54. Rxe7+ Kg6 55. Qg2 Rxh3+ 56. Qxh3 Qxh3+ 57. Kxh3 Kxg5 58. Kg2 Kf4
59. Rxe6 Ke3 60. Kf1 f4 61. Rd6 f3 62. e6 1-0

[Event "CXU Obro Nytaar 2013"]
[Site "Copenhagen"]
[Date "2013.12.30"]
[Round "6"]
[White "Haubro, Martin"]
[Black "Porte, Henrik"]
[Result "0-1"]
[WhiteElo "2211"]
[BlackElo "2175"]
[PlyCount "58"]
[EventDate "2013.??.??"]
[EventType "swiss"]
[EventRounds "7"]

1. e4 c6 2. d4 d5 3. Nc3 dxe4 4. Nxe4 Bf5 5. Ng3 Bg6 6. h4 h6 7. Nf3 Nd7 8. h5
Bh7 9. Bd3 Bxd3 10. Qxd3 e6 11. Bd2 Ngf6 12. O-O-O Be7 13. Ne4 Nxe4 14. Qxe4
Nf6 15. Qd3 O-O 16. g4 Qd5 17. g5 Qxa2 18. c4 Ng4 19. Qe2 b5 20. Rhg1 Ba3 21.
bxa3 Qxa3+ 22. Kc2 Qa2+ 23. Kc3 Qa3+ 24. Kc2 bxc4 25. Bc3 Qa2+ 26. Bb2 Rab8 27.
Rb1 c3 28. Rxg4 Rxb2+ 29. Rxb2 cxb2 0-1

[Event "CXU Obro Nytaar 2013"]
[Site "Copenhagen"]
[Date "2013.12.30"]
[Round "6"]
[White "Pedersen, Martin Rosenkilde"]
[Black "Olsen, Peter Erik"]
[Result "1/2-1/2"]
[WhiteElo "2142"]
[BlackElo "2184"]
[PlyCount "37"]
[EventDate "2013.??.??"]
[EventType "swiss"]
[EventRounds "7"]

1. e4 d5 2. exd5 Qxd5 3. Nc3 Qa5 4. d4 Nf6 5. Nf3 Bg4 6. h3 Bxf3 7. Qxf3 c6 8.
Bd2 Qb6 9. O-O-O e6 10. Ne4 Nbd7 11. Nxf6+ Nxf6 12. Bf4 O-O-O 13. Be5 Be7 14.
g4 Rhf8 15. h4 Ne8 16. c3 Bd6 17. Bxd6 Nxd6 18. Bd3 h6 19. Kb1 1/2-1/2

[Event "CXU Obro Nytaar 2013"]
[Site "Copenhagen"]
[Date "2013.12.30"]
[Round "6"]
[White "Jacobsen, Mikkel Manosri"]
[Black "Nilssen, John Arni"]
[Result "1/2-1/2"]
[WhiteElo "2076"]
[BlackElo "2366"]
[PlyCount "98"]
[EventDate "2013.??.??"]
[EventType "swiss"]
[EventRounds "7"]

1. d4 d5 2. Bf4 Nf6 3. e3 g6 4. Bd3 Bg7 5. Nd2 b6 6. Qe2 Bb7 7. Ngf3 O-O 8. O-O
Nbd7 9. Rac1 c5 10. c4 Nh5 11. Bg5 h6 12. Bh4 cxd4 13. Nxd4 Ne5 14. c5 Nxd3 15.
Qxd3 bxc5 16. Rxc5 Be5 17. Nc6 Bxh2+ 18. Kh1 Bxc6 19. Rxc6 Be5 20. Nf3 Bxb2 21.
Rd1 Bg7 22. Qxd5 Qxd5 23. Rxd5 g5 24. Ra5 Rfd8 25. Rc7 e6 26. g4 Nf6 27. Bg3
Rd7 28. Rc4 Nd5 29. Ne5 Rb7 30. Nd3 Rb1+ 31. Kg2 Rd1 32. Nc5 Rd2 33. Kf3 Nb6
34. Rc1 Bb2 35. Rh1 Rd5 36. e4 Rd2 37. Rxh6 Nc4 38. Rb5 Kg7 39. Rh5 Bf6 40. Rb7
Kg6 41. Nd7 Rb2 42. Rxb2 Bxb2 43. Bb8 Nb6 44. Ne5+ Kf6 45. Nc6 Nd7 46. Bd6 Kg6
47. Ne7+ Kf6 48. Nc6 Kg6 49. Ne7+ Kf6 1/2-1/2

[Event "CXU Obro Nytaar 2013"]
[Site "Copenhagen"]
[Date "2013.12.30"]
[Round "6"]
[White "Dreisler, Tobias"]
[Black "Stojanovski, Sandi"]
[Result "1/2-1/2"]
[WhiteElo "1916"]
[BlackElo "2288"]
[PlyCount "80"]
[EventDate "2013.??.??"]
[EventType "swiss"]
[EventRounds "7"]

1. e4 c5 2. Nf3 Nc6 3. d4 cxd4 4. Nxd4 Nf6 5. Nc3 e5 6. Ndb5 d6 7. Bg5 a6 8.
Na3 b5 9. Bxf6 gxf6 10. Nd5 Bg7 11. c3 f5 12. exf5 Bxf5 13. Nc2 O-O 14. Nce3
Be6 15. Bd3 f5 16. O-O Rb8 17. a4 b4 18. f4 bxc3 19. bxc3 Bxd5 20. Nxd5 Qa5 21.
Qe2 Kh8 22. Bc4 Qc5+ 23. Kh1 Na5 24. Ba2 Nb3 25. Rad1 Qa7 26. fxe5 Bxe5 27.
Bxb3 Rxb3 28. Qc2 Rbb8 29. Rxf5 Rxf5 30. Qxf5 Qg7 31. Qc2 Qh6 32. h3 Qh4 33.
Ne3 Qf4 34. Ng4 Bg7 35. Qd2 Qxd2 36. Rxd2 h5 37. Nf2 Be5 38. g4 h4 39. Ne4 Rb6
40. Kg2 Kg7 1/2-1/2

[Event "CXU Obro Nytaar 2013"]
[Site "Copenhagen"]
[Date "2013.12.30"]
[Round "7"]
[White "Hansen, Mads Smith"]
[Black "Hector, Jonny"]
[Result "0-1"]
[WhiteElo "2361"]
[BlackElo "2509"]
[PlyCount "64"]
[EventDate "2013.??.??"]
[EventType "swiss"]
[EventRounds "7"]

1. c4 e5 2. e3 Nf6 3. Nc3 Bb4 4. Nge2 O-O 5. a3 Be7 6. d4 exd4 7. Nxd4 d5 8. b4
c5 9. bxc5 Bxc5 10. Be2 Bxd4 11. Qxd4 Nc6 12. Qd1 dxc4 13. Qxd8 Rxd8 14. Bxc4
Ne5 15. Be2 Bf5 16. O-O Bd3 17. Bxd3 Rxd3 18. Ne2 Nc4 19. Nd4 Nd5 20. Rb1 b6
21. Rb3 Nc3 22. Kh1 Rc8 23. g3 Na5 24. Rb2 Nd1 25. Rc2 Rxc2 26. Nxc2 Nb3 27.
Nb4 Nxc1 28. Nxd3 Nxd3 29. Kg2 N3xf2 30. Kf3 f5 31. Re1 Kf7 32. Re2 Ne4 0-1

[Event "CXU Obro Nytaar 2013"]
[Site "Copenhagen"]
[Date "2013.12.30"]
[Round "7"]
[White "Jorgensen, Brian Jorgen"]
[Black "Brorsen, Jacob Abildlund"]
[Result "1/2-1/2"]
[WhiteElo "2240"]
[BlackElo "2129"]
[PlyCount "127"]
[EventDate "2013.??.??"]
[EventType "swiss"]
[EventRounds "7"]

1. d4 Nf6 2. c4 g6 3. Nc3 d5 4. cxd5 Nxd5 5. e4 Nxc3 6. bxc3 Bg7 7. Bg5 c5 8.
Rc1 O-O 9. Nf3 Bg4 10. d5 Qa5 11. Qd2 Re8 12. Be2 Nd7 13. h3 Bxf3 14. Bxf3 c4
15. O-O Nc5 16. Rc2 Rac8 17. Be3 b5 18. Bd4 Qc7 19. Bxg7 Kxg7 20. Qd4+ f6 21.
g3 Qe5 22. Qe3 Qd6 23. Re1 Nd3 24. Rb1 a6 25. Be2 Nc5 26. Rd1 e6 27. dxe6 Qxe6
28. Bg4 f5 29. Qd4+ Kg8 30. exf5 gxf5 31. Re2 Ne4 32. Rxe4 Qxe4 33. Qxe4 fxe4
34. Bxc8 Rxc8 35. Rd6 Rf8 36. Rxa6 Rf3 37. Rb6 e3 38. fxe3 Rxe3 39. Kf2 Rxc3
40. Rxb5 Rc2+ 41. Ke3 Rxa2 42. Kd4 Ra4 43. Rc5 Kf7 44. Rxc4 Rxc4+ 45. Kxc4 Ke6
46. Kd4 Kf6 47. Ke4 Ke6 48. Kf4 Kf6 49. g4 Kg7 50. Kf5 Kf7 51. Kg5 Kg7 52. h4
Kf7 53. Kh6 Kg8 54. h5 Kh8 55. Kg5 Kg7 56. Kf5 Kh6 57. Kf4 Kg7 58. g5 Kf8 59.
Ke5 Kg7 60. Ke6 Kg8 61. Kf6 Kh8 62. g6 Kg8 63. g7 h6 64. Kg6 1/2-1/2

[Event "CXU Obro Nytaar 2013"]
[Site "Copenhagen"]
[Date "2013.12.30"]
[Round "7"]
[White "Korley, Kassa"]
[Black "Eriksson, Christian Altenburg"]
[Result "1-0"]
[WhiteElo "2343"]
[BlackElo "2128"]
[PlyCount "77"]
[EventDate "2013.??.??"]
[EventType "swiss"]
[EventRounds "7"]

1. e4 c5 2. Nf3 Nc6 3. Bb5 Nf6 4. e5 Ng4 5. Bxc6 dxc6 6. a4 g6 7. h3 Nh6 8. a5
Bg7 9. O-O O-O 10. Re1 Nf5 11. d3 Nd4 12. Nbd2 Be6 13. b3 Bd5 14. Bb2 Nxf3+ 15.
Nxf3 Qd7 16. Qe2 Qf5 17. Nd2 Qg5 18. Ne4 Bxe4 19. Qxe4 Qf5 20. Qc4 b6 21. Qa6
Qc8 22. axb6 Qxa6 23. Rxa6 axb6 24. Rxb6 Ra2 25. Rb1 Rfa8 26. f4 Bh6 27. g3 Rc8
28. Kf2 e6 29. h4 Bf8 30. Rb7 Rca8 31. g4 R8a6 32. g5 Ra8 33. Ke2 Rc8 34. Kd2
Rca8 35. Rb6 Rc8 36. Kc3 h6 37. Ra1 Rxa1 38. Bxa1 hxg5 39. hxg5 1-0

[Event "CXU Obro Nytaar 2013"]
[Site "Copenhagen"]
[Date "2013.12.30"]
[Round "7"]
[White "Schou Moldt, Thomas"]
[Black "Porte, Henrik"]
[Result "0-1"]
[WhiteElo "2159"]
[BlackElo "2175"]
[PlyCount "88"]
[EventDate "2013.??.??"]
[EventType "swiss"]
[EventRounds "7"]

1. e4 c6 2. d4 d5 3. e5 Bf5 4. Nf3 e6 5. Be2 c5 6. Be3 cxd4 7. Nxd4 Ne7 8. Nd2
Nbc6 9. N2f3 Bg6 10. O-O Nxd4 11. Nxd4 Nc6 12. c4 Be7 13. cxd5 Qxd5 14. Bf3 Be4
15. Nxc6 bxc6 16. Bxe4 Qxe4 17. Re1 Qxe5 18. Bd4 Qd5 19. Qg4 Bf6 20. Rad1 h5
21. Qf4 Rd8 22. Bxf6 Qxd1 23. Bc3 Qg4 24. Qc7 O-O 25. h3 Qg6 26. Qxa7 Rd5 27.
Qa4 c5 28. Re3 Rg5 29. Qe4 Qxe4 30. Rxe4 Rd8 31. a4 Rgd5 32. Kf1 g6 33. a5 R8d6
34. Rc4 f5 35. g4 hxg4 36. hxg4 Kf7 37. gxf5 exf5 38. Rh4 g5 39. Rh8 Kg6 40.
Kg2 f4 41. Kf3 Rd3+ 42. Kg4 Rd8 43. Rh1 Rd1 44. Rh2 R8d3 0-1

[Event "CXU Obro Nytaar 2013"]
[Site "Copenhagen"]
[Date "2013.12.30"]
[Round "7"]
[White "Thuesen, Mogens Henrik"]
[Black "Pedersen, Martin Rosenkilde"]
[Result "1-0"]
[WhiteElo "2194"]
[BlackElo "2142"]
[PlyCount "81"]
[EventDate "2013.??.??"]
[EventType "swiss"]
[EventRounds "7"]

1. d4 Nf6 2. Nf3 e6 3. g3 b5 4. Bg2 Bb7 5. O-O Be7 6. Re1 c5 7. c3 O-O 8. Nbd2
d5 9. Ne5 Nc6 10. Ndf3 Nd7 11. Nxc6 Bxc6 12. h4 Qb6 13. Bf4 b4 14. h5 h6 15.
Kh1 Rac8 16. g4 bxc3 17. bxc3 cxd4 18. cxd4 Nf6 19. Ne5 Ne4 20. Bxe4 dxe4 21.
e3 Qb2 22. Re2 Qa3 23. Qg1 f6 24. Ng6 Bb5 25. Rb2 Qxb2 26. Nxe7+ Kh7 27. Nxc8
Rxc8 28. Rb1 Qe2 29. Kh2 Rc2 30. a3 Bd3 31. Kh3 Ra2 32. Bg3 Rxa3 33. Qd1 Qa2
34. Rb7 Ba6 35. Rc7 Be2 36. Qc1 Bf3 37. Rxg7+ Kxg7 38. Qc7+ Kg8 39. Qd8+ Kf7
40. Bd6 Qxf2 41. Qf8# 1-0

[Event "CXU Obro Nytaar 2013"]
[Site "Copenhagen"]
[Date "2013.12.30"]
[Round "7"]
[White "Vesterli, Michael E"]
[Black "Johansson, Thomas"]
[Result "0-1"]
[WhiteElo "2045"]
[BlackElo "2202"]
[PlyCount "50"]
[EventDate "2013.??.??"]
[EventType "swiss"]
[EventRounds "7"]

1. d4 e6 2. c4 f5 3. Nf3 Nf6 4. Nc3 Bb4 5. Qc2 Ne4 6. a3 Bxc3+ 7. bxc3 d6 8. e3
Nd7 9. Bd3 Ndf6 10. Rg1 O-O 11. g4 fxg4 12. Bxe4 Nxe4 13. Rxg4 d5 14. Rf4 Rxf4
15. exf4 b6 16. Ng5 Nf6 17. Qe2 Qd7 18. c5 h6 19. Nf3 Qa4 20. cxb6 axb6 21. Bb2
Ne4 22. Ne5 Ba6 23. Qg4 Re8 24. Qh5 Rf8 25. Ng6 Qc2 0-1

[Event "CXU Obro Nytaar 2013"]
[Site "Copenhagen"]
[Date "2013.12.30"]
[Round "7"]
[White "Nilssen, John Arni"]
[Black "Frank Nielsen, Marie"]
[Result "1-0"]
[WhiteElo "2366"]
[BlackElo "1970"]
[PlyCount "115"]
[EventDate "2013.??.??"]
[EventType "swiss"]
[EventRounds "7"]

1. d4 Nf6 2. c4 g6 3. Nc3 Bg7 4. e4 d6 5. Be2 O-O 6. Bg5 c6 7. Qd2 Re8 8. f3
Nbd7 9. Nh3 a5 10. Nf2 a4 11. Rb1 Qc7 12. O-O h5 13. Be3 Nf8 14. Rfd1 Kh7 15.
d5 Bd7 16. h3 Ng8 17. g4 Qa5 18. a3 e6 19. dxc6 Bxc6 20. Qxd6 Be5 21. Qc5 Qc7
22. Kg2 f5 23. Nb5 Qg7 24. g5 Nd7 25. Qb4 Rf8 26. Nd4 Bxd4 27. Bxd4 e5 28. Be3
Ne7 29. Kh2 Rf7 30. Qe1 Raf8 31. Rd6 f4 32. Bd2 Nc8 33. Rd5 Bxd5 34. cxd5 Nc5
35. Bb4 b6 36. Nd3 Nxd3 37. Bxd3 Rd8 38. Qd1 Ra7 39. Rc1 Rc7 40. Rc3 Rxc3 41.
bxc3 Qa7 42. Bb5 Nd6 43. Qxa4 Qb7 44. Bc6 Qc7 45. h4 Kg7 46. Qa6 Kg8 47. a4 Nf7
48. Qb7 Rc8 49. Qxc7 Rxc7 50. Kg2 Kg7 51. Kf2 Kg8 52. c4 Kg7 53. c5 bxc5 54.
Bxc5 Nd8 55. Bd6 Rxc6 56. Bxe5+ Kf7 57. dxc6 Nxc6 58. Bxf4 1-0

[Event "CXU Obro Nytaar 2013"]
[Site "Copenhagen"]
[Date "2013.12.30"]
[Round "7"]
[White "Stojanovski, Sandi"]
[Black "Jacobsen, Mikkel Manosri"]
[Result "1-0"]
[WhiteElo "2288"]
[BlackElo "2076"]
[PlyCount "79"]
[EventDate "2013.??.??"]
[EventType "swiss"]
[EventRounds "7"]

1. d4 Nf6 2. c4 c6 3. Nc3 d5 4. Nf3 Bf5 5. cxd5 cxd5 6. Qb3 e6 7. Qxb7 Nbd7 8.
Qb3 Rb8 9. Qd1 Bb4 10. Bd2 Ba5 11. Qc1 Ne4 12. e3 Nxd2 13. Nxd2 O-O 14. Be2 Qg5
15. O-O Bh3 16. Bf3 h5 17. Kh1 Bf5 18. Nb3 Bb4 19. e4 Qxc1 20. Raxc1 dxe4 21.
Nxe4 Bxe4 22. Bxe4 Nf6 23. Bc6 Rfd8 24. Rc4 Nd5 25. g3 g6 26. Rfc1 Bf8 27. Bxd5
Rxd5 28. Kg2 Bd6 29. Rc8+ Kg7 30. Rxb8 Bxb8 31. Rc8 Rb5 32. Rc5 Rb7 33. h4 Bd6
34. Rc6 Be7 35. Kf3 Bf6 36. Ke4 Rb4 37. Kd3 a5 38. Rc4 Rb8 39. Ra4 Bd8 40. Kc3
1-0

[Event "CXU Obro Nytaar 2013"]
[Site "Copenhagen"]
[Date "2013.12.30"]
[Round "7"]
[White "Nielsen, Morten Davidsen"]
[Black "Dreisler, Tobias"]
[Result "0-1"]
[WhiteElo "1955"]
[BlackElo "1916"]
[PlyCount "74"]
[EventDate "2013.??.??"]
[EventType "swiss"]
[EventRounds "7"]

1. e4 c5 2. c3 g6 3. d4 cxd4 4. cxd4 d5 5. exd5 Nf6 6. Bb5+ Bd7 7. Bc4 b5 8.
Bb3 Bf5 9. Bg5 Bg7 10. Qe2 a6 11. Bxf6 Bxf6 12. Nf3 O-O 13. O-O Nd7 14. a4 Qb6
15. a5 Qd6 16. h3 Bg7 17. Nbd2 Nf6 18. g4 Bc8 19. Rfc1 Bb7 20. Qe5 Rac8 21.
Qxd6 exd6 22. Ng5 Bxd5 23. Bxd5 Nxd5 24. Nb3 Rxc1+ 25. Nxc1 Bxd4 26. Ne2 Bxb2
27. Rd1 Nc3 28. Nxc3 Bxc3 29. Rxd6 Bxa5 30. Rxa6 Bc7 31. Ne4 Rb8 32. g5 b4 33.
Nf6+ Kg7 34. Nd5 Be5 35. Rc6 b3 36. Rc1 b2 37. Rb1 Rc8 0-1

[Event "CXU Obro Nytaar 2013"]
[Site "Copenhagen"]
[Date "2013.12.30"]
[Round "7"]
[White "Petersen, Martin Reib"]
[Black "Olsen, Michael Richard W"]
[Result "1-0"]
[WhiteElo "2013"]
[BlackElo "1943"]
[PlyCount "65"]
[EventDate "2013.??.??"]
[EventType "swiss"]
[EventRounds "7"]

1. e4 e6 2. b3 Be7 3. Bb2 Bf6 4. e5 Be7 5. Qg4 Bf8 6. Nc3 Nh6 7. Qh3 d6 8. f4
d5 9. Nf3 Bd7 10. Bd3 c5 11. Ng5 g6 12. Nxd5 exd5 13. e6 f6 14. exd7+ Nxd7 15.
O-O-O Nf7 16. Rde1+ Be7 17. Qe6 O-O 18. Nxh7 Kxh7 19. Qxe7 Nde5 20. Qxb7 Nxd3+
21. cxd3 d4 22. Re7 Kg7 23. Rhe1 a5 24. Rd7 Qb8 25. Qxb8 Raxb8 26. Ra7 Ra8 27.
Ree7 Rxa7 28. Rxa7 Rh8 29. h3 Rh4 30. Rxa5 Rxf4 31. Rxc5 Ne5 32. Kc2 Rf2 33.
Bxd4 1-0